Kōs : laographikes selides /

Saved in:
Bibliographic Details
Main Author: Koutsouradē, Persephonē, (Author)
Format: Book
Language:Greek
Published: Athēna : Institouto tou Vivliou - A. Kardamitsa, 2013.
Edition:Deuterē Ekdosē.
Subjects:
Tags: Add Tag
No Tags, Be the first to tag this record!
LEADER 00948nam a2200301Ii 4500
001 014096830-X
005 20141003184718.0
008 120614t20131993gr am 000 0 greod
020 |a 9789603543145 
035 0 |a ocn892575134 
035 |a (GrAtO)25712 
040 |a GrAtO  |b eng  |e rda  |c GrAtO 
043 |a e-gr--- 
050 4 |a GR170.2.K68  |b K68 2013x 
100 1 |a Koutsouradē, Persephonē,  |e author. 
245 1 0 |a Kōs :  |b laographikes selides /  |c Persephonē Koutsouradē. 
250 |a Deuterē Ekdosē. 
264 1 |a Athēna :  |b Institouto tou Vivliou - A. Kardamitsa,  |c 2013. 
264 4 |a ©1993 
300 |a 198 pages :  |b color illustrations, map ;  |c 25 cm 
336 |a text  |b txt  |2 rdacontent 
337 |a unmediated  |b n  |2 rdamedia 
338 |a volume  |b nc  |2 rdacarrier 
651 0 |a Kōs (Greece : Municipality)  |x Social life and customs. 
650 0 |a Folklore  |z Greece  |z Kos Island. 
899 |a 415_565188 
988 |a 20140616 
906 |0 VEN